Idioms - Statistics

General Stats
  • This quiz has been taken 395 times
    364 since last reset
  • The average score is 40 of 54
Answer Stats
Hint Idiom % Correct
caught red ____ caught red handed
96%
last, but not ____ last, but not least
96%
once in a blue _____ once in a blue moon
95%
read between the ____ read between the lines
94%
____ got your tongue cats got your tongue
93%
wild _____ chase wild goose chase
91%
barking up the wrong ___ barking up the wrong tree
90%
beating around the ____ beating around the bush
90%
the ___ who cried wolf boy
90%
____ in the clouds head in the clouds
90%
no ____ attached no strings attached
90%
pass with _____ colours pass with flying colours
90%
put your best ____ forward put your best foot forward
90%
saved by the ____ saved by the bell
90%
all bark and no ____ all bark and no bite
89%
every trick in the _____ every trick in the book
89%
from rags to _____ from rags to riches
89%
any way, shape, or ____ any way, shape, or form
88%
don't cry over ______ _____ don't cry over spilt milk
88%
take with a grain of ____ take with a grain of salt
88%
through gritted ____ teeth
88%
turn over a new ____ turn over a new leaf
88%
back to the drawing _____ back to the drawing board
86%
____ nut to crack hard nut to crack
86%
between a ___ and a hard place rock
86%
____ in sheep's clothing wolf in sheep's clothing
84%
don't toot your own ____ don't toot your own horn
83%
too close for _____ too close for comfort
83%
beat a ____ horse dead
81%
a diamond in the ____ a diamond in the rough
80%
down the _____ hole rabbit
78%
talk about the_____ in the room elephant
77%
follow to the ends of the ____ follow to the ends of the Earth
77%
the straw that broke the ____'s back the straw that broke the camel's back
77%
don't make a mountain out of a _____ don't make a mountain out of a molehill
76%
the ____'s knees the bee's knee's
76%
off the beaten ____ off the beaten track
75%
can of ____'s can of worm's
73%
hold your _____ hold your horses
73%
close but no ____ close but no cigar
70%
fly off the ____ fly off the handle
68%
____ one's sorrows drown one's sorrows
67%
out of the _____ ______ and into the fire out of the frying pan and into the fire
62%
seeing ____ to _____ (same word) seeing eye to eye
62%
____ in your pants ants in your pants
59%
get down to _____ tacks (some may think ___ "tax") get down to brass tacks
47%
____ a cold catch a cold
42%
nose to the _____ nose to the grindstone
40%
_____ for gold digging for gold
38%
____ in the sky pie in the sky
38%
head in the _____ sand
32%
____ the script flip the script
17%
going ______ going bananas
16%
____ until the cows come home talk until the cows come home
14%
No matching quizzes found
Score Distribution
Percent of People with Each Score
Percentile by Number Answered
Your Score History
You have not taken this quiz since the last reset